HB. OF HEALTH EDUCATION & COMMUNITY PHARMACY (Record no. 7078)

MARC details
000 -LEADER
fixed length control field 00325nam a2200133Ia 4500
008 - FIXED-LENGTH DATA ELEMENTS--GENERAL INFORMATION
fixed length control field 150301s2015 xx 000 0 und d
082 ## - DEWEY DECIMAL CLASSIFICATION NUMBER
Classification number 614
Item number H15G
100 ## - MAIN ENTRY--PERSONAL NAME
Personal name A.K GUPTA
245 ## - TITLE STATEMENT
Title HB. OF HEALTH EDUCATION & COMMUNITY PHARMACY
260 ## - PUBLICATION, DISTRIBUTION, ETC. (IMPRINT)
Name of publisher, distributor, etc. CBS- DELHI
300 ## - PHYSICAL DESCRIPTION
Extent 300
650 ## - SUBJECT ADDED ENTRY--TOPICAL TERM
Topical term or geographic name as entry element COMMUNITY PHARMACY
942 ## - ADDED ENTRY ELEMENTS (KOHA)
Source of classification or shelving scheme Dewey Decimal Classification
Koha item type Books
Holdings
Withdrawn status Lost status Source of classification or shelving scheme Damaged status Not for loan Collection code Home library Current library Date acquired Source of acquisition Cost, normal purchase price SGTU Bill Number Total Checkouts Full call number Barcode Date last seen Date last checked out Bill Date Koha item type
    Dewey Decimal Classification     PHARMACY SGT FA-FP Library SGT FA-FP Library 02/07/2015 ABC DELHI 220.00 SGTU 492 8 614 H15G FP206 28/02/2019 27/02/2019 24/11/2014 Books
    Dewey Decimal Classification     PHARMACY SGT FA-FP Library SGT FA-FP Library 02/07/2015 ABC DELHI 220.00 SGTU 492 3 614 H15G FP207 30/11/2019 30/11/2019 24/11/2014 Books
    Dewey Decimal Classification     PHARMACY SGT FA-FP Library SGT FA-FP Library 02/07/2015 ABC DELHI 220.00 SGTU 492 1 614 H15G FP208 16/06/2018 07/06/2018 24/11/2014 Books
    Dewey Decimal Classification     PHARMACY SGT FA-FP Library SGT FA-FP Library 02/07/2015 ABC DELHI 220.00 SGTU 492 6 614 H15G FP209 22/05/2019 06/05/2019 24/11/2014 Books
    Dewey Decimal Classification     PHARMACY SGT FA-FP Library SGT FA-FP Library 02/07/2015 ABC DELHI 220.00 SGTU 492 4 614 H15G FP210 07/02/2019 15/01/2019 24/11/2014 Books